LinkKeystones of entrepreneurship knowledge / (Record no. 10135)
[ view plain ]
| 000 -LEADER | |
|---|---|
| fixed length control field | 00712nam a22002057a 4500 |
| 090 ## - LOCALLY ASSIGNED LC-TYPE CALL NUMBER (OCLC); LOCAL CALL NUMBER (OCLC) | |
| -- | 10135 |
| 008 - FIXED-LENGTH DATA ELEMENTS--GENERAL INFORMATION | |
| fixed length control field | 080827t xxu||||| |||| 00| 0 eng d |
| 020 ## - INTERNATIONAL STANDARD BOOK NUMBER | |
| International Standard Book Number | 9781405139212 (pbk.) |
| 020 ## - INTERNATIONAL STANDARD BOOK NUMBER | |
| International Standard Book Number | 1405139218 (pbk.) |
| 082 ## - DEWEY DECIMAL CLASSIFICATION NUMBER | |
| Edition number | 22 |
| Classification number | 658.022 |
| Item number | KEY |
| 100 ## - MAIN ENTRY--PERSONAL NAME | |
| 9 (RLIN) | 257 |
| Personal name | Duffy, Susan. |
| 110 ## - MAIN ENTRY--CORPORATE NAME | |
| 9 (RLIN) | 260 |
| Corporate name or jurisdiction name as entry element | International Council for Small Business. |
| 245 ## - TITLE STATEMENT | |
| Title | LinkKeystones of entrepreneurship knowledge / |
| Statement of responsibility, etc | edited by Robert van der Horst,Sandra King-Kauanui, Susan Duffy. |
| 260 ## - PUBLICATION, DISTRIBUTION, ETC. (IMPRINT) | |
| Place of publication, distribution, etc | Malden, Mass. ; Oxford : |
| Name of publisher, distributor, etc | Blackwell Pub., |
| Date of publication, distribution, etc | c.2005. |
| 300 ## - PHYSICAL DESCRIPTION | |
| Extent | x, 463 p. : |
| Other physical details | ill. ; |
| Dimensions | 23 cm. |
| 500 ## - GENERAL NOTE | |
| General note | Donations. |
| 500 ## - GENERAL NOTE | |
| General note | Donations - Dr. David Kirby. |
| 650 ## - SUBJECT ADDED ENTRY--TOPICAL TERM | |
| 9 (RLIN) | 240 |
| Topical term or geographic name as entry element | Entrepreneurship. |
| 942 ## - ADDED ENTRY ELEMENTS (KOHA) | |
| Source of classification or shelving scheme | Dewey Decimal Classification |
| Item type | Book - Borrowing |
| Withdrawn status | Item status | Source of classification or shelving scheme | Damaged status | Not for loan | Home library | Current library | Shelving location | Date acquired | Source of acquisition | Total Checkouts | Total Renewals | Full call number | Barcode | Date last seen | Date last borrowed | Koha item type |
|---|---|---|---|---|---|---|---|---|---|---|---|---|---|---|---|---|
| Dewey Decimal Classification | Central Library | Central Library | First floor | 27/08/2008 | Purchase | 3 | 6 | 658.022 KEY | 000013787 | 15/07/2025 | 31/01/2010 | Book - Borrowing |